| 000 | 00816nam a2200229 i 4500 | ||
|---|---|---|---|
| 001 | 187079 | ||
| 003 | SpMaBN | ||
| 005 | 20230906222819.0 | ||
| 008 | 170411s1986 sp |||| | spa d | ||
| 020 | _a84-600-4363-0 | ||
| 080 | _a355".../04" | ||
| 080 | _a931 | ||
| 245 | 0 | 0 |
_aEjército y sociedad _b: cinco estudios sobre el mundo antiguo / _cArcadio del Castillo (ed.) ; J.M. Roldán Hervás, Javier Arce, L.A. García Moreno ... [et al.]. |
| 260 |
_aLeón : _bUniversidad, Secretariado de Publicaciones, _c[1986] |
||
| 300 |
_a130 p. ; _c21 cm. |
||
| 504 | _aReferencias bibliográficas. | ||
| 650 | 7 |
_aSociología militar. _9139277 |
|
| 700 | 1 |
_aCastillo, Arcadio del. _936673 |
|
| 700 | 1 |
_aRoldán Hervás, José Manuel. _999149 |
|
| 710 | 2 |
_aUniversidad de León. _97200 |
|
| 852 |
_aES-MaACL _jL-31400 |
||
| 999 |
_c187079 _d187079 |
||